Statistics for Star Trek Characters

Click here to take the quiz!

General Stats

  • This quiz has been taken 319 times
  • The average score is 9 of 15

Answer Stats

HintAnswer% Correct
Chief Surgeon 1701-Dcrusher
87%
First Officer 1701-Driker
86%
Chief Engineer 1701scotty
82%
Continuum OmnipotentQ
81%
DS9 Bar Ownerquark
76%
Constable DS9odo
70%
Emissary of The Prophetssisko
61%
"Old Man"dax
59%
Enlisted Master Chiefo'brien
55%
Spock's Mother is___human
51%
Vulcan Ambassadorsarek
49%
"Imzadi"troi
45%
Eugenics!, Scram it Outkhan
34%
"No Win Scenario"kobayashi maru
32%
Comm Officer NX-01sato
28%

Score Distribution

Percentile by Number Answered

Percent of People with Each Score

Your Score History

You have not taken this quiz